Normal view
MARC view
- Steger , Manfred
Entry Personal Name
001 - CONTROL NUMBER
- control field: 133749
003 - CONTROL NUMBER IDENTIFIER
- control field: NUST
005 - DATE AND TIME OF LATEST TRANSACTION
- control field: 20260325135753.0
008 - FIXED-LENGTH DATA ELEMENTS
- fixed length control field: 260325|| aca||aabn | a|a d
040 ## - CATALOGING SOURCE
- Original cataloging agency: NUST
- Transcribing agency: NUST
100 ## - HEADING--PERSONAL NAME
- Personal name: Steger , Manfred
670 ## - SOURCE DATA FOUND
- Source citation: Work cat.: (NUST): Steger , Manfred., Globalization: A Very Short Introduction /, 2003.
